Edit a SlovEdit sú produktom delenia federácie a rodiny

Rozdelenie pražskej firmy Edit, ktorá ako prvá vydala v r.1990 prvý informačný katalog slovenských a českých firiem, ktorý sa o rok rozdelil na dva - český a slovenský. Vznik Edit, s.r.o. na Slovensku v r.1993 založenej českým majiteľom a SlovEdit ako konkurenčnej firmy. Obvinenia z nekalej súťaže,...

Ausführliche Beschreibung

Gespeichert in:
Bibliographische Detailangaben
1. Verfasser: Beer, Gabriel
Format: Buchkapitel
Sprache:Slowakisch
Schlagworte:
Tags: Tag hinzufügen
Keine Tags, Fügen Sie das erste Tag hinzu!

MARC

LEADER 00000naa a2200000 4500
001 r016053
005 20221213114423.1
041 0 |a slo 
044 |a SK 
245 1 0 |a Edit a SlovEdit sú produktom delenia federácie a rodiny  |c G. Beer 
520 |a Rozdelenie pražskej firmy Edit, ktorá ako prvá vydala v r.1990 prvý informačný katalog slovenských a českých firiem, ktorý sa o rok rozdelil na dva - český a slovenský. Vznik Edit, s.r.o. na Slovensku v r.1993 založenej českým majiteľom a SlovEdit ako konkurenčnej firmy. Obvinenia z nekalej súťaže, konkurencia. 
610 2 0 |a Edit, s.r.o. Praha 
610 2 0 |a SlovEdit, s.r.o. Bratislava 
610 2 0 |a firmy 
610 2 0 |a katalógy 
610 2 0 |a konkurencia 
100 1 |a Beer, Gabriel